Footballeurs français par images - facile - Statistiques

Statistiques générales
  • Ce quiz a été pris 73 fois
  • Le résultat moyen est 37 sur 47
Statistiques - réponses
Par images Hint Réponse % Correct
1991 Antoine Griezmann
98%
1968 Didier Deschamps
98%
1998 Kylian Mbappé
98%
1972 Zinedine Zidane
98%
1983 Franck Ribéry
97%
1986 Hugo Lloris
97%
1987 Karim Benzema
97%
2002 Bradley Barcola
95%
1970 Emmanuel Petit
95%
2001 Michael Olise
95%
1995 Mike Maignan
95%
1993 Raphaël Varane
95%
1977 Thierry Henry
95%
2000 Aurélien Tchouaméni
93%
2005 Désiré Doué
93%
1971 Fabien Barthez
93%
1997 Ousmane Dembélé
93%
1966 Eric Cantona
92%
1996 Lucas Hernandez
92%
1976 Patrick Vieira
92%
1985 Steve Mandanda
92%
1969 Bixente Lizarazu
90%
1965 Laurent Blanc
90%
1981 Patrice Evra
90%
1984 Mathieu Valbuena
88%
2003 Rayan Cherki
88%
1994 Corentin Tolisso
87%
2006 Warren Zaïre-Emery
87%
1963 Jean-Pierre Papin
85%
1979 Nicolas Anelka
83%
1990 Wissam Ben Yedder
83%
1973 Claude Makélélé
82%
1999 Ibrahima Konaté
80%
1988 Steven Nzonzi
80%
1992 Djibril Sidibé
78%
1989 Moussa Sissoko
73%
1967 David Ginola
67%
1982 Philippe Mexès
65%
1974 Sylvain Wiltord
65%
1980 Florent Malouda
62%
1978 Jérôme Rothen
60%
2004 Wilson Odobert
47%
1964 Paul Le Guen
42%
1962 Manuel Amoros
28%
1975 Laurent Robert
20%
1961 Yannick Stopyra
12%
1960 Yvon Le Roux
8%
Aucun quiz correspondant
Distribution des résultats
% des personnes avec chaque résultat
Percentile par nombre de réponses
Votre historique - résultats
Vous n’avez pas pris ce quiz